Closest capitals through the alphabet - Statistics

General Stats
  • This quiz has been taken 187 times
  • The average score is 90 of 195
Answer Stats
Initial letter Distance Direction Capital % Correct
B 1381 315 Baghdad
93%
C 1298 253 Cairo
92%
D 612 51 Damascus
89%
J 3532 266 Jerusalem
86%
I 13199 85 Islamabad
83%
F 5774 241 Freetown
81%
K 1252 102 Kuwait City
81%
Q 10239 238 Quito
81%
Z 2395 285 Zagreb
80%
O 3200 329 Oslo
79%
U 12998 284 Ulaanbaatar
79%
Y 2238 127 Yerevan
77%
G 4958 267 Georgetown
76%
J 6162 175 Juba
76%
V 3344 187 Vientiane
76%
W 7880 298 Warsaw
76%
F 15011 248 Funafuti
75%
H 3161 305 Havana
75%
H 9940 62 Helsinki
74%
O 1804 271 Ouagadougou
74%
R 2550 47 Roseau
74%
W 7152 176 Windhoek
74%
A 1080 144 Athens
73%
C 357 37 Chisinau
73%
K 514 168 Kampala
73%
B 744 16 Bucharest
71%
V 617 276 Vatican City
71%
G 10285 75 Guatemala City
70%
T 2738 263 Tegucigalpa
70%
Y 2985 348 Yaounde
70%
J 8305 81 Jakarta
69%
L 1585 175 Lilongwe
69%
M 616 245 Monaco
69%
P 1118 168 Prague
69%
A 726 322 Abuja
68%
S 207 346 Saint John's
68%
N 2415 113 Nicosia
67%
L 3446 302 Ljubljana
65%
G 6412 133 Gaborone
64%
K 1183 331 Kuala Lumpur
64%
R 3198 342 Rabat
64%
S 1993 56 San Marino
64%
T 670 116 Tirana
64%
B 1328 113 Bangui
63%
D 2576 286 Dublin
63%
M 1058 76 Moroni
63%
N 1354 328 Nairobi
63%
P 782 145 Porto-Novo
63%
Y 7960 116 Yamoussoukro
62%
C 3606 279 Conakry
61%
D 702 324 Dakar
61%
H 925 35 Harare
61%
W 18206 118 Wellington
61%
O 11853 295 Ottawa
60%
W 7291 257 Washington
60%
Y 4580 350 Yaren
60%
A 579 104 Accra
57%
B 1162 313 Bamako
57%
L 8335 256 Lusaka
57%
T 380 88 Tallinn
57%
V 530 177 Vilnius
57%
D 4520 114 Dushanbe
56%
N 4594 338 N'Djamena
56%
R 6302 38 Reykjavik
56%
S 2140 104 Stockholm
56%
H 4037 119 Hanoi
55%
K 2206 290 Kathmandu
55%
P 2996 174 Port-au-Prince
55%
C 5094 21 Copenhagen
54%
M 1244 166 Mbabane
54%
A 2769 122 Apia
52%
H 8399 116 Honiara
52%
R 4567 49 Rome
52%
B 8354 284 Bandar Seri Begawan
50%
N 2741 205 Nouakchott
50%
S 525 65 Sarajevo
50%
V 403 105 Valletta
50%
P 877 246 Praia
49%
T 1045 222 Tunis
49%
D 2173 31 Dhaka
48%
M 1280 217 Madrid
48%
K 10672 297 Kabul
46%
R 1650 12 Riga
46%
R 6282 283 Riyadh
46%
V 1614 349 Vaduz
46%
V 3185 296 Vienna
46%
C 3892 273 Colombo
45%
L 2013 248 Luanda
45%
V 13085 267 Victoria
45%
A 815 231 Andorra la Vella
44%
K 1229 291 Khartoum
44%
K 785 307 Kigali
44%
A 1800 208 Antananarivo
43%
B 681 43 Bern
43%
D 10908 102 Dodoma
43%
L 6963 290 Luxembourg
43%
M 1477 341 Malabo
43%
S 1066 194 Sanaa
43%
D 11918 89 Djibouti
42%
L 5720 289 London
42%
N 1305 326 Niamey
42%
T 2365 18 Tehran
42%
A 939 300 Amsterdam
40%
B 174 192 Brussels
40%
D 3809 321 Dili
40%
D 2870 227 Doha
40%
L 1948 307 Lome
40%
K 11094 305 Kiev
39%
S 1586 182 Sofia
39%
T 1407 219 Tripoli
39%
C 7975 240 Caracas
38%
K 5102 230 Kinshasa
38%
L 3040 236 Libreville
38%
M 1878 82 Minsk
38%
P 3607 27 Podgorica
38%
K 10836 261 Kingston
37%
N 4875 125 New Delhi
37%
A 7259 277 Addis Ababa
36%
A 5351 256 Asmara
36%
K 10787 254 Kingstown
36%
L 3288 212 Lima
36%
L 3359 247 Lisbon
36%
B 781 290 Baku
35%
T 1155 100 Tokyo
35%
A 6052 284 Ashgabat
33%
A 1551 54 Asuncion
33%
B 1035 184 Buenos Aires
33%
M 203 99 Montevideo
33%
P 1461 269 Palikir
33%
P 2703 93 Port of Spain
33%
B 954 166 Bishkek
32%
C 7087 235 Castries
32%
M 2861 339 Managua
32%
P 3556 53 Pyongyang
32%
A 4050 355 Algiers
31%
B 709 161 Beirut
31%
C 13511 104 Canberra
31%
N 13919 87 Nuku'alofa
31%
P 3443 123 Phnom Penh
31%
S 156 351 Saint George's
31%
S 195 147 Seoul
31%
T 7801 308 Taipei
31%
M 2359 274 Mexico City
30%
M 2342 286 Monrovia
30%
P 1793 187 Panama City
30%
P 1770 282 Port Vila
30%
P 5903 236 Pretoria
30%
S 1073 92 Suva
30%
A 1029 259 Ankara
29%
B 7376 280 Berlin
29%
B 3861 295 Brazzaville
29%
M 10823 264 Majuro
29%
N 6758 129 Nay Pyi Taw
29%
S 512 282 San Jose
29%
S 78 164 Skopje
29%
T 6283 105 Thimphu
29%
A 5569 287 Astana
27%
M 4385 127 Muscat
27%
P 4988 108 Paramaribo
27%
P 14519 280 Port Moresby
27%
P 3235 304 Pristina
27%
T 12171 79 Tashkent
27%
T 10463 72 Tbilisi
27%
B 1876 79 Brasilia
26%
M 8333 98 Maputo
26%
M 4827 145 Maseru
26%
N 7359 286 Nassau
26%
P 5617 300 Paris
26%
S 2131 311 Santo Domingo
26%
T 11411 265 Tarawa
26%
B 4024 333 Beijing
25%
B 1959 317 Belgrade
25%
B 397 6 Belmopan
25%
B 6688 309 Bissau
25%
B 1871 221 Bogota
25%
B 4653 336 Budapest
25%
S 9232 265 Santiago
25%
S 5583 65 Singapore
25%
A 3128 251 Amman
24%
B 2212 268 Bangkok
24%
B 5087 212 Banjul
24%
M 7225 132 Male
24%
M 1876 71 Mogadishu
24%
M 3914 61 Moscow
24%
P 2791 152 Port Louis
24%
B 572 324 Basseterre
23%
B 4658 270 Bridgetown
23%
M 14415 89 Manila
23%
B 2323 207 Bujumbura
21%
M 3390 127 Manama
21%
S 13882 79 San Salvador
21%
S 15151 101 Sucre
21%
B 1710 42 Bratislava
18%
S 5393 176 Sao Tome
18%
M 3793 101 Melekeok
14%
No matching quizzes found
Score Distribution
Percent of People with Each Score
Percentile by Number Answered
Your Score History
You have not taken this quiz